000 00701nam a2200241Ia 4500
003 OSt
005 20220926011857.0
006 a|||||r|||| 00| 0
007 ta
008 220923b |||||||| |||| 00| 0 eng d
037 _cGeneral Book
040 _aRTL
_cRTL
_beng
041 _2eng
_aeng
082 _aX:8:(S:5), K6
100 _aBatten J D
_9315186
245 0 _aDeyond management by objectives
260 _aNew York
_bAmerican Management Asseciation
_c1966
300 _a108p.
_ccm.
490 _aAmerican Management Asseciation, Publication
650 _aMotivation Managemant
_9264263
942 _hX:8:(S:5), K6
_cGB
_2CC
999 _c621227
_d621227